[Event "?"]
[Site "?"]
[Date "????.??.??"]
[Round "?"]
[White "Kaminik, A."]
[Black "Hurme, H."]
[Result "0-1"]
[WhiteElo "2239"]
[BlackElo "2210"]
[PlyCount "77"]
[EventDate "2006.02.24"]

1. d4 d5 2. c4 Nc6 3. Nc3 dxc4 4. Nf3 Nf6 5. e4 Bg4 6. Be3 e6 7. Qa4 Bxf3 8.
gxf3 Nd7 9. Qxc4 a6 10. O-O-O Nb6 11. Qe2 Qf6 12. h4 h6 13. Kb1 Bb4 14. d5 Ne5
15. dxe6 fxe6 16. f4 Nc6 17. e5 Qf5+ 18. Qd3 Ne7 19. Bxb6 Qxd3+ 20. Rxd3 cxb6
21. Bh3 Bxc3 22. bxc3 Nd5 23. Bxe6 Nxf4 24. Rd6 Rd8 25. Rhd1 Rxd6 26. Rxd6 g5
27. Bd7+ Ke7 28. hxg5 hxg5 29. Bf5 Rh1+ 30. Kc2 Re1 31. Rxb6 Rxe5 32. Rxb7+ Kd6
33. Bg4 a5 34. a4 Re8 35. Kb3 Nd5 36. c4 Nb4 37. Kc3 Re1 38. Rd7+ Kc5 39. Bf3 {
Rest nicht lesbar} 0-1

[Event "?"]
[Site "?"]
[Date "????.??.??"]
[Round "?"]
[White "Vucenovic, Braun"]
[Black "Braun, G."]
[Result "1-0"]
[WhiteElo "2307"]
[BlackElo "2314"]
[PlyCount "87"]

1. c4 e5 2. Nc3 d6 3. g3 f5 4. Bg2 Nf6 5. d3 Be7 6. Nf3 O-O 7. O-O Na6 8. Rb1
c6 9. b4 Nc7 10. a4 a5 11. b5 c5 12. Ne1 Rb8 13. Nc2 Kh8 14. f4 Be6 15. Ne3 Qd7
16. Ned5 Ncxd5 17. Nxd5 Nxd5 18. cxd5 Bf7 19. Bb2 exf4 20. gxf4 Bh5 21. Qd2 Bf6
22. e4 Bxb2 23. Rxb2 fxe4 24. dxe4 b6 25. Rb3 Qe7 26. Rg3 Rbe8 27. Qc3 Rf6 28.
Re3 Ref8 29. e5 Rxf4 30. Rxf4 Rxf4 31. exd6 Qxd6 32. Qe5 Qxe5 33. Rxe5 Bf7 34.
Re7 Kg8 35. Rb7 Kf8 36. d6 Be6 37. Rxb6 Rxa4 38. Rb8+ Kf7 39. b6 Rb4 40. b7 a4
41. Ra8 Bd7 42. b8=Q Rxb8 43. Rxb8 Ke6 44. Bh3+ 1-0

[Event "?"]
[Site "?"]
[Date "????.??.??"]
[Round "?"]
[White "Boehlig, H."]
[Black "Karl, H."]
[Result "1/2-1/2"]
[WhiteElo "2238"]
[BlackElo "2244"]
[PlyCount "44"]
[EventDate "2006.02.24"]

1. Nf3 d5 2. d4 c6 3. g3 Nf6 4. Bg2 Bf5 5. O-O e6 6. c4 Nbd7 7. Nbd2 Be7 8. b3
Ne4 9. Bb2 O-O 10. Ne1 Nxd2 11. Qxd2 Nf6 12. Nd3 Ne4 13. Qd1 Rc8 14. Rc1 Qa5
15. a3 h6 16. f3 Nf6 17. Nf2 Bg6 18. e4 Rfe8 19. Re1 Bf8 20. Kh1 Qb6 21. c5 Qc7
22. e5 Nd7 1/2-1/2

[Event "?"]
[Site "?"]
[Date "????.??.??"]
[Round "?"]
[White "Hohler, P."]
[Black "Weber, B."]
[Result "1-0"]
[WhiteElo "2183"]
[BlackElo "2134"]
[PlyCount "129"]
[EventDate "2006.02.24"]

1. d4 Nf6 2. c4 e6 3. Nf3 Bb4+ 4. Nbd2 O-O 5. e3 d6 6. Be2 Nbd7 7. O-O Bxd2 8.
Bxd2 e5 9. dxe5 dxe5 10. Bc3 Qe7 11. Qc2 b6 12. Rad1 Bb7 13. b3 a5 14. Qb2 Rfe8
15. Nd2 Nc5 16. a3 Rad8 17. Nf3 Nfd7 18. Nxe5 Nxe5 19. Bxe5 Rxd1 20. Rxd1 Nxb3
21. Bxc7 Qxc7 22. Qxb3 h6 23. Qd3 Ba6 24. h3 Rc8 25. Qd4 Qc5 26. Qxc5 Rxc5 27.
Rd8+ Kh7 28. Rd4 Kg6 29. e4 Kf6 30. f4 Ke7 31. Kf2 Bb7 32. g3 Bc6 33. Ke3 f6
34. Rd2 Bd7 35. h4 Rc6 36. g4 Be6 37. Rd4 g5 38. hxg5 hxg5 39. fxg5 fxg5 40. e5
Rc8 41. Bd3 Rh8 42. Bf5 Rh3+ 43. Ke4 Rxa3 44. Bxe6 Kxe6 45. Rd6+ Ke7 46. Rxb6
Rc3 47. Kd5 Rd3+ 48. Ke4 Rc3 49. Kf5 Rxc4 50. Rb7+ Kd8 51. Kxg5 a4 52. Ra7 Rb4
53. Kf5 Ke8 54. g5 a3 55. Rxa3 Rb7 56. g6 Kf8 57. Rh3 Kg8 58. Rh7 Rb6 59. Rd7
Ra6 60. e6 Ra1 61. Kf6 Rf1+ 62. Ke7 Re1 63. Kd6 Rd1+ 64. Kc7 Re1 65. e7 1-0

[Event "?"]
[Site "?"]
[Date "????.??.??"]
[Round "?"]
[White "Tschetchelnitski, B."]
[Black "Rotstein, J."]
[Result "0-1"]
[WhiteElo "2204"]
[BlackElo "2410"]
[PlyCount "46"]
[EventDate "2006.02.24"]

1. Nf3 d6 2. d4 Nf6 3. Bg5 Nbd7 4. Nc3 c6 5. Qd2 b5 6. a3 e5 7. e4 a6 8. Be2
Be7 9. dxe5 dxe5 10. Bh4 O-O 11. Bg3 Re8 12. Rd1 Qc7 13. Nh4 Nc5 14. Qe3 Ne6
15. Nf5 Bc5 16. Qf3 Ng5 17. Nh6+ Kh8 18. Nxf7+ Qxf7 19. Qd3 Be6 20. b3 Bd4 21.
O-O Qg6 22. Bf3 Nxf3+ 23. Qxf3 Bg4 0-1

[Event "?"]
[Site "?"]
[Date "????.??.??"]
[Round "?"]
[White "Khanukov, B."]
[Black "Schoene"]
[Result "1-0"]
[WhiteElo "2358"]
[BlackElo "2187"]
[PlyCount "143"]

1. d4 f5 2. c4 Nf6 3. Nf3 d6 4. g3 g6 5. Bg2 Bg7 6. O-O O-O 7. Nc3 Qe8 8. d5 c6
9. Rb1 a5 10. Nd4 Bd7 11. Bg5 Na6 12. Bxf6 Bxf6 13. e4 Nc5 14. exf5 Bxd4 15.
Qxd4 Bxf5 16. Rbd1 Qd7 17. Rfe1 Rf7 18. Rd2 Raf8 19. Red1 Qc8 20. Re1 Qd7 21.
h4 Bh3 22. Bh1 Bg4 23. f4 Rf6 24. b3 R8f7 25. Qf2 e5 26. dxe6 Rxe6 27. Rxe6
Qxe6 28. Qd4 Qf6 29. Kf2 Qxd4+ 30. Rxd4 Rf6 31. Bf3 Bxf3 32. Kxf3 Kf7 33. Nd1
h5 34. Nf2 Ke7 35. Rd1 Kd7 36. g4 Ne6 37. Nh3 hxg4+ 38. Kxg4 Rf5 39. Rf1 d5 40.
cxd5 cxd5 41. Ng5 Nxg5 42. hxg5 Kd6 43. Rh1 d4 44. Kf3 Rd5 45. Ke4 d3 46. Rd1
d2 47. Ke3 Ke6 48. Rxd2 Rc5 49. Ke4 Rc1 50. Re2 a4 51. bxa4 Kf7 52. Kd5 Rf1 53.
Ke5 Rb1 54. Rd2 Rf1 55. Kd5 Rb1 56. Rc2 Rd1+ 57. Kc5 Ke6 58. a5 Kf5 59. Rc4 Rb1
60. a4 Rb2 61. Kd6 Rb1 62. Kc7 Rb2 63. Rc5+ Kxf4 64. Rb5 Ra2 65. Kxb7 Rxa4 66.
a6 Re4 67. a7 Re7+ 68. Ka6 Re6+ 69. Rb6 Re8 70. Rxg6 Kf5 71. Rc6 Kxg5 72. Kb7
1-0

[Event "?"]
[Site "?"]
[Date "????.??.??"]
[Round "?"]
[White "Korn, J-C."]
[Black "Bakhmatov, E."]
[Result "1/2-1/2"]
[WhiteElo "2096"]
[BlackElo "2390"]
[PlyCount "70"]
[EventDate "2006.02.24"]

1. c4 e5 2. g3 Nf6 3. Bg2 c6 4. Nc3 d5 5. d4 exd4 6. Qxd4 dxc4 7. Qxc4 Be6 8.
Qa4 Be7 9. Nf3 O-O 10. O-O Nbd7 11. Qc2 Nc5 12. Be3 Qc8 13. Bxc5 Bxc5 14. Ng5
Bf5 15. e4 Bg6 16. Rad1 Qg4 17. Qc1 h6 18. e5 Qxg5 19. Qxg5 hxg5 20. exf6 Rad8
21. fxg7 Kxg7 22. Ne4 Be7 23. f4 gxf4 24. gxf4 Bf5 25. Bf3 Rfe8 26. Rxd8 Rxd8
27. Re1 Bb4 28. Re2 Ba5 29. Rg2+ Kf8 30. Kf2 b5 31. Rg5 Rd5 32. Nc3 Rd2+ 33.
Ke3 Rxb2 34. Rxf5 Bxc3 35. Bxc6 Rxa2 1/2-1/2

[Event "?"]
[Site "?"]
[Date "????.??.??"]
[Round "?"]
[White "Rodriguez, O."]
[Black "Kinnmark, O."]
[Result "1-0"]
[WhiteElo "2426"]
[BlackElo "2328"]
[PlyCount "83"]

1. d4 Nf6 2. c4 e6 3. Nf3 Bb4+ 4. Nbd2 O-O 5. e3 d6 6. a3 Bxd2+ 7. Qxd2 Qe7 8.
b3 e5 9. dxe5 dxe5 10. Bb2 Nc6 11. Qc2 Bg4 12. h3 Bh5 13. Nh4 e4 14. g4 Bg6 15.
Nxg6 fxg6 16. O-O-O a5 17. Bg2 Rae8 18. g5 Nh5 19. h4 Qe6 20. Bh3 Qf7 21. Rd7
Qf3 22. Rh2 Nb8 23. Rd2 Re7 24. Qd1 Qf7 25. Bf1 c5 26. Rg2 Nc6 27. Rg4 Kh8 28.
Kb1 Qf5 29. Bg2 Rfe8 30. Ka2 a4 31. bxa4 Qf7 32. Qe2 Na5 33. Rd5 b6 34. Qc2 Rf8
35. Rxe4 Ra7 36. Bh3 Qf3 37. Bg4 Qh1 38. Rde5 Raf7 39. Re8 Qf1 40. Bxh5 gxh5
41. Rxf8+ Rxf8 42. Qc3 1-0

[Event "?"]
[Site "?"]
[Date "????.??.??"]
[Round "?"]
[White "Malmdin, N-A."]
[Black "Bautista Sanchez, J."]
[Result "0-1"]
[WhiteElo "2245"]
[BlackElo "2234"]
[PlyCount "62"]
[EventDate "2006.02.24"]

1. e4 c6 2. d4 d5 3. e5 Bf5 4. Nf3 e6 5. Be2 Nd7 6. O-O Ne7 7. b3 Bg6 8. c4 Nf5
9. Nc3 Bb4 10. Bb2 O-O 11. Rc1 Rc8 12. h3 Qe7 13. Nb1 Nh4 14. a3 Bxb1 15. axb4
Be4 16. Ra1 Bxf3 17. Bxf3 dxc4 18. bxc4 Rfd8 19. Be4 Nxe5 20. Bxh7+ Kxh7 21.
Qh5+ Kg8 22. Qxe5 Ng6 23. Qa5 Nf4 24. Rad1 b6 25. Qa3 b5 26. Qf3 Qxb4 27. Rb1
Qd6 28. g3 Ng6 29. cxb5 cxb5 30. h4 Qd5 31. Ra1 Qxf3 0-1

[Event "?"]
[Site "?"]
[Date "????.??.??"]
[Round "?"]
[White "Anguera Maestro, J."]
[Black "Halleroed, R."]
[Result "1/2-1/2"]
[WhiteElo "2220"]
[BlackElo "2171"]
[PlyCount "104"]

1. d4 Nf6 2. Nf3 g6 3. c4 Bg7 4. Nc3 d6 5. e4 O-O 6. Be2 Nbd7 7. h3 e5 8. Be3
c6 9. Qd2 Re8 10. d5 c5 11. O-O Nh5 12. Nh2 a6 13. Bxh5 gxh5 14. Bg5 Bf6 15. f4
exf4 16. Bxf6 Qxf6 17. Rxf4 Qd4+ 18. Qxd4 cxd4 19. Ne2 Ne5 20. Nxd4 Ng6 21. Rf6
Rxe4 22. Nhf3 Ne5 23. Rf1 Nxc4 24. Nc2 Nxb2 25. Ng5 Re2 26. Nxf7 Nc4 27. R1f4
Nb6 28. Nh6+ Kg7 29. Rxd6 Nxd5 30. Rxd5 Kxh6 31. Rd8 Bf5 32. Rxa8 Bxc2 33. Rg8
Bg6 34. a4 Kg5 35. Rgf8 Re1+ 36. Kf2 Ra1 37. Rb4 b5 38. axb5 axb5 39. Rxb5+ Kh6
40. Rg8 Ra3 41. Kg1 Rc3 42. Rb2 Ra3 43. Rf2 Rc3 44. Rf3 Rc2 45. Kh2 Ra2 46. Kg3
Kg5 47. Rgf8 Rc2 48. Rf2 Rc3+ 49. R8f3 Rc4 50. Re3 Ra4 51. Re5+ Kh6 52. Rf4 Ra2
1/2-1/2

[Event "?"]
[Site "?"]
[Date "????.??.??"]
[Round "?"]
[White "Akvist, H."]
[Black "Coll, E L."]
[Result "0-1"]
[WhiteElo "2230"]
[BlackElo "2171"]
[PlyCount "104"]

1. d4 Nf6 2. c4 e6 3. g3 d5 4. Bg2 c6 5. Nf3 Bd6 6. Qc2 Nbd7 7. O-O O-O 8. Rd1
Qe7 9. Bg5 b6 10. Nbd2 h6 11. Bf4 Bxf4 12. gxf4 Bb7 13. Ne5 Rac8 14. Rac1 c5
15. Qa4 cxd4 16. Nxd7 Nxd7 17. cxd5 d3 18. d6 Qxd6 19. Bxb7 Rxc1 20. Rxc1 Nc5
21. Rxc5 dxe2 22. Qe4 Qxc5 23. Qxe2 Qc1+ 24. Nf1 Qxf4 25. Ba6 Rd8 26. Bc4 Rd4
27. b3 Qg5+ 28. Kh1 h5 29. h3 h4 30. a4 g6 31. Qe3 Rf4 32. Nh2 Rf5 33. Qxg5
Rxg5 34. Nf3 Rf5 35. Kg2 g5 36. Nd4 Rc5 37. Kf3 Kg7 38. Kg2 Kg6 39. Kf3 a5 40.
Kg2 Kf6 41. Kf3 Ke5 42. Ne2 f5 43. Bd3 Rc8 44. Bc4 Rg8 45. Kg2 g4 46. Kh2 Rd8
47. Kg2 Rd2 48. f3 g3 49. Kf1 f4 50. Ke1 Ra2 51. Kf1 Rd2 52. Ke1 Rd8 0-1

[Event "?"]
[Site "?"]
[Date "????.??.??"]
[Round "?"]
[White "Escher, H."]
[Black "Eis, H."]
[Result "0-1"]
[WhiteElo "2084"]
[BlackElo "2145"]
[PlyCount "84"]

1. d4 d6 2. Nf3 Nf6 3. g3 c6 4. Bg2 Nbd7 5. O-O e5 6. dxe5 dxe5 7. Bg5 Be7 8.
Nbd2 Qc7 9. c3 Nb6 10. Qc2 h6 11. Bxf6 Bxf6 12. Rad1 Be6 13. b3 O-O 14. c4 Be7
15. e4 Nd7 16. Nb1 a5 17. Nc3 Nc5 18. a4 Bg4 19. h3 Be6 20. Ne2 f5 21. Qb2 Bf6
22. exf5 Bxf5 23. g4 Bd3 24. Ne1 Bg6 25. Nc1 e4 26. Qe2 Bg5 27. Nc2 Nd3 28. Ne3
Qb6 29. Nxd3 exd3 30. Qd2 Rae8 31. Rfe1 Qc5 32. Bf1 Bh4 33. Nf5 Rxe1 34. Qxe1
Bxf5 35. gxf5 Qxf5 36. Rd2 g5 37. Bxd3 Qf6 38. Qe3 g4 39. Re2 gxh3 40. Qxh3
Bxf2+ 41. Kh2 Qf4+ 42. Kg2 Qg5+ 0-1

[Event "?"]
[Site "?"]
[Date "????.??.??"]
[Round "?"]
[White "Funk, P."]
[Black "Bomert, E."]
[Result "0-1"]
[WhiteElo "2206"]
[BlackElo "2172"]
[PlyCount "82"]
[EventDate "2006.02.24"]

1. d4 f5 2. e4 d6 3. Nc3 Nf6 4. Bd3 Nc6 5. Nf3 fxe4 6. Nxe4 Bg4 7. c3 e5 8. O-O
Qd7 9. Re1 Be7 10. Ng3 exd4 11. h3 Bxf3 12. gxf3 g6 13. cxd4 d5 14. Bg5 Kf7 15.
Bf1 Rhe8 16. Rc1 Nd8 17. Qb3 c6 18. Bf4 Ne6 19. Be5 a6 20. Qe3 Bf8 21. f4 Ng7
22. Qf3 Nf5 23. Nxf5 Qxf5 24. Bd3 Qh5 25. Qg2 Rad8 26. Re3 Bh6 27. Rce1 Rd7 28.
Rf3 Rde7 29. f5 g5 30. Kh2 Nd7 31. Be2 g4 32. Rb3 Nxe5 33. dxe5 Rxe5 34. Bxg4
Bf4+ 35. Rg3 Qg5 36. Rxe5 Rxe5 37. Qf3 Kf6 38. Kg2 Bxg3 39. fxg3 Qd2+ 40. Qf2
Qxf2+ 41. Kxf2 d4 0-1

[Event "?"]
[Site "?"]
[Date "????.??.??"]
[Round "?"]
[White "Littlewood, E."]
[Black "Raedeker, B."]
[Result "0-1"]
[WhiteElo "2275"]
[BlackElo "2238"]
[PlyCount "54"]
[EventDate "2006.02.24"]

1. e4 e6 2. d4 d5 3. Nc3 Nf6 4. e5 Nfd7 5. f4 c5 6. Nf3 Nc6 7. Be3 a6 8. Qd2 b5
9. Qf2 Qa5 10. f5 cxd4 11. fxe6 fxe6 12. Nxd4 Nxd4 13. Bxd4 b4 14. Bd3 bxc3 15.
O-O cxb2 16. Qf7+ Kd8 17. Rab1 Bc5 18. Bxc5 Qxc5+ 19. Kh1 Qe7 20. Qh5 Rf8 21.
Rxf8+ Nxf8 22. Rxb2 Bd7 23. Rb6 Kc7 24. Rb3 Ba4 25. Rc3+ Kd8 26. Bxh7 Rb8 27.
h3 Be8 0-1

[Event "?"]
[Site "?"]
[Date "????.??.??"]
[Round "?"]
[White "Hottes, D."]
[Black "Richardson, K B."]
[Result "0-1"]
[WhiteElo "2185"]
[BlackElo "2236"]
[PlyCount "38"]

1. d4 Nf6 2. c4 g6 3. Nc3 Bg7 4. e4 d6 5. f4 O-O 6. Nf3 Na6 7. Be2 e5 8. fxe5
dxe5 9. d5 Nc5 10. Qc2 Ncxe4 11. Nxe4 Bf5 12. Nfg5 Nxe4 13. Bd3 Nxg5 14. Bxf5
gxf5 15. Qxf5 h6 16. h4 Nh7 17. Be3 Qf6 18. Qh3 e4 19. Rb1 Qa6 0-1

[Event "?"]
[Site "?"]
[Date "????.??.??"]
[Round "?"]
[White "Macdonald-Ross, M."]
[Black "Schmid, H."]
[Result "1/2-1/2"]
[WhiteElo "2207"]
[BlackElo "2221"]
[PlyCount "101"]
[EventDate "2006.02.24"]

1. d4 d5 2. Nf3 e6 3. g3 Nf6 4. Bg2 Bd6 5. O-O Nbd7 6. c4 c6 7. b3 O-O 8. Bb2
Re8 9. Nbd2 b6 10. Qc2 Bb7 11. e4 Nxe4 12. Nxe4 dxe4 13. Qxe4 Nf6 14. Qe2 Rc8
15. Rad1 Qe7 16. Rd3 Red8 17. Rfd1 Nd7 18. Re3 Nf6 19. h3 h6 20. Ne5 Qc7 21.
Ng4 Nh7 22. Qc2 Nf8 23. c5 Be7 24. Rde1 Re8 25. Qc3 f6 26. b4 h5 27. Nh2 bxc5
28. bxc5 Rcd8 29. Qb3 Bc8 30. h4 Bd7 31. Qd1 Rb8 32. Bc3 g6 33. Qf3 Qc8 34. d5
cxd5 35. Bxf6 Bxf6 36. Qxf6 Qd8 37. Qd4 Bc6 38. Nf3 Re7 39. Ne5 Be8 40. g4 Rg7
41. g5 Qa5 42. a3 Rc8 43. Rc1 Qa6 44. Bh3 Kh7 45. Rec3 Bc6 46. Nd3 Rd8 47. Ne5
Nd7 48. Nxd7 Rdxd7 49. Re1 Rde7 50. Rce3 Bd7 51. Bf1 1/2-1/2

[Event "?"]
[Site "?"]
[Date "????.??.??"]
[Round "?"]
[White "Wade, R."]
[Black "Clemens, C."]
[Result "0-1"]
[WhiteElo "2171"]
[BlackElo "2295"]
[PlyCount "82"]
[EventDate "2006.02.24"]

1. e4 d5 2. exd5 Nf6 3. Be2 Nxd5 4. Bf3 e5 5. Ne2 c5 6. Nbc3 Be6 7. O-O Be7 8.
d3 Nc6 9. Nxd5 Bxd5 10. Bxd5 Qxd5 11. Nc3 Qd7 12. f4 O-O 13. fxe5 Nxe5 14. Bf4
Ng6 15. Bg3 f5 16. Qf3 Bf6 17. Rae1 Bd4+ 18. Bf2 Rad8 19. Bxd4 cxd4 20. Nd1 Ne7
21. Re5 g6 22. c4 dxc3 23. Nxc3 Qd4+ 24. Qe3 Nc6 25. Qxd4 Rxd4 26. Rd5 Rxd5 27.
Nxd5 Rd8 28. Nf4 Kf7 29. g3 Kf6 30. Rd1 Ne5 31. h4 h6 32. Kf1 g5 33. hxg5+ hxg5
34. d4 Nc4 35. Ng2 Nxb2 36. Rb1 Nc4 37. Rxb7 a5 38. Kf2 Rxd4 39. Ne3 Nd6 40.
Rb2 Ke5 41. Ke2 Re4 0-1

[Event "?"]
[Site "?"]
[Date "????.??.??"]
[Round "?"]
[White "Dornieden, M."]
[Black "Byway, P."]
[Result "1/2-1/2"]
[WhiteElo "2284"]
[BlackElo "2203"]
[PlyCount "46"]
[EventDate "2005.12.14"]

1. c4 b6 2. Nf3 Nf6 3. g3 c5 4. Bg2 Bb7 5. O-O e6 6. Nc3 Be7 7. d4 O-O 8. d5
exd5 9. cxd5 d6 10. a4 Na6 11. e4 Nb4 12. Re1 Re8 13. Bf4 Bf8 14. Qd2 a6 15.
Nh4 Ng4 16. h3 Ne5 17. Bxe5 dxe5 18. Nf5 g6 19. Nh4 Bc8 20. Na2 Nxa2 21. Rxa2
Bd7 22. b3 Qf6 23. Rea1 Reb8 1/2-1/2

[Event "?"]
[Site "?"]
[Date "????.??.??"]
[Round "?"]
[White "James, G."]
[Black "Jentsch, D."]
[Result "1-0"]
[WhiteElo "2201"]
[BlackElo "2196"]
[PlyCount "27"]

1. e4 e6 2. Nf3 d5 3. Nc3 d4 4. Ne2 Nc6 5. c3 e5 6. cxd4 exd4 7. Qa4 Bc5 8. b4
Bxb4 9. Nexd4 Nge7 10. Bb5 Rb8 11. Qxb4 Bd7 12. Qc3 O-O 13. Nxc6 bxc6 14. Bc4
1-0

[Event "?"]
[Site "?"]
[Date "????.??.??"]
[Round "?"]
[White "Durst, U."]
[Black "Farrand, J."]
[Result "1/2-1/2"]
[WhiteElo "2130"]
[BlackElo "2166"]
[PlyCount "67"]
[EventDate "2006.02.24"]

1. f4 g6 2. Nf3 Bg7 3. e3 d6 4. c3 e5 5. d3 Ne7 6. Be2 O-O 7. O-O Nbc6 8. Na3
h6 9. e4 Kh7 10. Qe1 Bg4 11. Nc2 f5 12. Qh4 Bxf3 13. Bxf3 Ng8 14. Qxd8 Raxd8
15. exf5 Rxf5 16. Be4 Rff8 17. f5 gxf5 18. Bxf5+ Kh8 19. Bd2 Nge7 20. Ne3 d5
21. Be6 Rxf1+ 22. Nxf1 Rd6 23. Bg4 Ng8 24. Re1 Nf6 25. Bf5 Ne7 26. Bh3 Ng6 27.
Ng3 Ra6 28. a3 Rb6 29. b4 Ra6 30. Bc8 Rxa3 31. Bxb7 Nf4 32. Rxe5 Nxd3 33. Re3
Ra1+ 34. Nf1 1/2-1/2

[Event "?"]
[Site "?"]
[Date "????.??.??"]
[Round "?"]
[White "Baumgartner, H."]
[Black "Schmidt, G."]
[Result "1/2-1/2"]
[WhiteElo "2303"]
[BlackElo "2238"]
[PlyCount "63"]

1. Nf3 Nf6 2. g3 d5 3. Bg2 c6 4. O-O Bf5 5. d3 h6 6. c4 e6 7. Be3 Nbd7 8. Qb3
Qc7 9. Nc3 Nc5 10. Bxc5 Bxc5 11. cxd5 exd5 12. e4 dxe4 13. dxe4 Be6 14. Qa4 O-O
15. Rac1 Rfd8 16. b4 Bb6 17. Qc2 Bc4 18. Ne2 Bd3 19. Qb2 Bxe4 20. Ne5 Bxg2 21.
Kxg2 Rd5 22. Nc4 Rad8 23. Rc2 a6 24. Nc3 R5d7 25. Nxb6 Qxb6 26. Na4 Qc7 27. Nc5
Re7 28. Re2 Rde8 29. Rfe1 Nd5 30. a3 Rxe2 31. Rxe2 Rxe2 32. Qxe2 1/2-1/2

[Event "?"]
[Site "?"]
[Date "????.??.??"]
[Round "?"]
[White "Lenk, W."]
[Black "Titz, H."]
[Result "1/2-1/2"]
[WhiteElo "2232"]
[BlackElo "2268"]
[PlyCount "132"]

1. e4 c5 2. Nf3 Nc6 3. d4 cxd4 4. Nxd4 Nf6 5. Nc3 d6 6. Bg5 Bd7 7. Be2 Rc8 8.
O-O Nxd4 9. Qxd4 Qa5 10. Bxf6 gxf6 11. Bd3 Rg8 12. Qd5 Qxd5 13. Nxd5 Bg7 14. c3
e6 15. Ne3 Ke7 16. f4 h5 17. Rf3 Bh6 18. Raf1 Rc5 19. Kh1 b5 20. Nc2 a5 21. Nd4
b4 22. c4 a4 23. b3 axb3 24. axb3 Ra5 25. Bb1 Ra7 26. Nc2 Rb7 27. Rd1 h4 28.
Ne3 Bc6 29. Rf2 Ra8 30. Ng4 Bg7 31. Rfd2 Ra1 32. Ne3 Rxb1 33. Rxb1 Bxe4 34.
Rbd1 Bh6 35. Ng4 Bxf4 36. Re2 Bc6 37. Nf2 Be5 38. Ra2 f5 39. Kg1 Bc3 40. Ra6
Rc7 41. Kf1 e5 42. Nd3 Be4 43. g3 hxg3 44. hxg3 d5 45. cxd5 Bxd5 46. Nxb4 Bxb3
47. Nd5+ Bxd5 48. Rxd5 Bd4 49. Ra4 Rc1+ 50. Kg2 Rc2+ 51. Kh3 Rd2 52. Ra7+ Bxa7
53. Rxd2 Ke6 54. Kg2 Bd4 55. Ra2 Kf6 56. Ra8 e4 57. Re8 Be5 58. Rd8 Ke6 59.
Re8+ Kd5 60. Re7 f6 61. Rd7+ Kc4 62. Rd1 Kc3 63. Kf2 Kc4 64. Rd8 f4 65. gxf4
Bxf4 66. Rd1 f5 1/2-1/2

[Event "?"]
[Site "?"]
[Date "????.??.??"]
[Round "?"]
[White "Ager, J."]
[Black "Petzold"]
[Result "1/2-1/2"]
[WhiteElo "2235"]
[BlackElo "2151"]
[PlyCount "40"]

1. d4 e6 2. g3 f5 3. Bg2 Nf6 4. Nd2 Nc6 5. c3 d6 6. e4 g6 7. Ne2 Bh6 8. exf5
exf5 9. Nf3 Bxc1 10. Qxc1 Bd7 11. O-O Qe7 12. Nf4 O-O-O 13. b4 Rde8 14. a4 Qg7
15. d5 Nd8 16. Nd4 g5 17. Nfe6 Nxe6 18. Nxf5 Qg6 19. dxe6 Bxe6 20. Ne3 h5
1/2-1/2

[Event "?"]
[Site "?"]
[Date "????.??.??"]
[Round "?"]
[White "Johannessen, S."]
[Black "Meier, W."]
[Result "1-0"]
[WhiteElo "2252"]
[BlackElo "2190"]
[PlyCount "83"]

1. g3 d5 2. f4 g6 3. Nf3 Bg7 4. Bg2 c6 5. Nc3 Nf6 6. d3 O-O 7. e3 Bg4 8. h3
Bxf3 9. Qxf3 e6 10. O-O Qb6 11. Qf2 Na6 12. e4 Qxf2+ 13. Rxf2 Nd7 14. Re2 Rfe8
15. Bd2 Nc7 16. Rae1 a6 17. Bf3 d4 18. Nd1 e5 19. Nf2 b6 20. Kg2 Rad8 21. h4 c5
22. h5 Nb5 23. f5 gxh5 24. Bxh5 Nf6 25. Rh1 Rc8 26. a4 Nd6 27. g4 Nxh5 28. Rxh5
f6 29. g5 fxg5 30. Bxg5 Nf7 31. Ng4 Rc6 32. Kf3 b5 33. axb5 axb5 34. f6 Bf8 35.
Bd2 Ree6 36. Rg2 Kh8 37. Rgh2 h6 38. Ke2 Kg8 39. Rg2 Kh7 40. Nxh6 Nxh6 41. Bxh6
Bxh6 42. Rg7+ 1-0

[Event "?"]
[Site "?"]
[Date "????.??.??"]
[Round "?"]
[White "Eskandary, J."]
[Black "Hoen, R."]
[Result "0-1"]
[WhiteElo "2159"]
[BlackElo "2280"]
[PlyCount "81"]
[EventDate "2006.02.24"]

1. e4 e5 2. Nc3 Nf6 3. Bc4 Be7 4. d3 Nc6 5. f4 d6 6. f5 Nd4 7. Nf3 c6 8. Nxd4
exd4 9. Ne2 d5 10. exd5 Bxf5 11. O-O Bg6 12. dxc6 bxc6 13. Nf4 O-O 14. Qf3 Qd7
15. Nxg6 hxg6 16. Bg5 Rae8 17. Rae1 Bd8 18. Rxe8 Rxe8 19. Qg3 Bc7 20. Qh4 Nd5
21. Bc1 Re2 22. Bb3 Re5 23. Qf2 Qe6 24. g3 g5 25. Qf3 g4 26. Qf2 g6 27. Bxd5
Qxd5 28. Bf4 Rf5 29. Qe2 Bxf4 30. gxf4 Qxa2 31. Qe8+ Kg7 32. Qxc6 Qxb2 33. Qa4
a5 34. Rf2 Qc1+ 35. Kg2 Rxf4 36. Rxf4 Qxf4 37. Qxa5 Qf3+ 38. Kg1 Qd1+ 39. Kg2
Qxc2+ 40. Kg3 Qxd3+ 41. Kxg4 0-1

[Event "?"]
[Site "?"]
[Date "????.??.??"]
[Round "?"]
[White "Kristiansen, E."]
[Black "Schwier, M."]
[Result "1-0"]
[WhiteElo "2232"]
[BlackElo "2131"]
[PlyCount "57"]
[EventDate "2006.02.24"]

1. c4 e6 2. d4 d5 3. Nf3 c6 4. Qc2 f5 5. g3 Nf6 6. Bg2 Bd6 7. O-O O-O 8. Bf4
Bxf4 9. gxf4 Na6 10. Nbd2 Bd7 11. Ne5 Be8 12. cxd5 cxd5 13. Rfc1 Nd7 14. Ndf3
Qe7 15. a3 Bh5 16. Nxd7 Qxd7 17. Ne5 Qb5 18. e3 Rad8 19. b4 Rd6 20. Rab1 Be8
21. a4 Qxa4 22. Qxa4 Bxa4 23. b5 Nb8 24. Rb4 Bxb5 25. Rxb5 b6 26. Rc7 a6 27.
Rb1 b5 28. Rbc1 a5 29. Rb7 1-0

[Event "?"]
[Site "?"]
[Date "????.??.??"]
[Round "?"]
[White "Goldberg, V."]
[Black "Ofstad, P."]
[Result "1/2-1/2"]
[WhiteElo "2054"]
[BlackElo "2173"]
[PlyCount "50"]

1. e4 c6 2. d4 d5 3. e5 Bf5 4. h4 h5 5. c4 dxc4 6. Bxc4 e6 7. Bg5 Qb6 8. Bb3
Ne7 9. Ne2 Nd5 10. O-O Nd7 11. Nd2 f6 12. Nc4 Qa6 13. Bf4 O-O-O 14. Qd2 Bb4 15.
Nd6+ Bxd6 16. exd6 N7b6 17. Bg3 Qd3 18. Rfd1 Qxd2 19. Rxd2 Kd7 20. Nf4 Nc8 21.
Re1 Nxd6 22. Rde2 Rde8 23. f3 Nb5 24. Rd2 Nbc7 25. Kf2 Nxf4 1/2-1/2

[Event "?"]
[Site "?"]
[Date "????.??.??"]
[Round "?"]
[White "Hamm, G."]
[Black "Harzer, P."]
[Result "1/2-1/2"]
[WhiteElo "2166"]
[BlackElo "2125"]
[PlyCount "25"]
[EventDate "2006.02.24"]

1. Nf3 f5 2. g3 Nf6 3. Bg2 e6 4. c4 Be7 5. Nc3 O-O 6. d3 d6 7. e4 fxe4 8. dxe4
e5 9. h3 Qe8 10. Be3 Qg6 11. Nh4 Qf7 12. b3 Nc6 13. Nf3 1/2-1/2

[Event "?"]
[Site "?"]
[Date "????.??.??"]
[Round "?"]
[White "Koksch, G."]
[Black "Just, J."]
[Result "1-0"]
[WhiteElo "2142"]
[BlackElo "2146"]
[PlyCount "97"]
[EventDate "2006.02.24"]

1. d4 Nf6 2. Nc3 d5 3. Bg5 Bf5 4. f3 c6 5. Qd2 Nbd7 6. O-O-O Qa5 7. e4 dxe4 8.
fxe4 Bg6 9. d5 cxd5 10. exd5 O-O-O 11. Bc4 Nb6 12. Bb3 e6 13. Bxf6 gxf6 14.
Nge2 e5 15. Qd3 Kb8 16. Rhf1 Bc5 17. Qg3 Nd7 18. Ba4 Rhg8 19. Bxd7 Bxc2 20. Qh3
Bxd1 21. Rxd1 Rg5 22. Kb1 Qb4 23. Bf5 Bd4 24. Nxd4 exd4 25. Ne4 Rgg8 26. Nxf6
Rg5 27. g4 Qe7 28. Qg3+ Ka8 29. Nxh7 Rxf5 30. gxf5 Qe4+ 31. Qd3 Qh4 32. Qxd4
Qxh7 33. Qf6 Rc8 34. h4 Qg8 35. Qd4 Qg2 36. Qd3 Qg4 37. d6 Qxh4 38. d7 Rd8 39.
Rc1 a6 40. Rc8+ Ka7 41. Qe3+ b6 42. Rxd8 Qh1+ 43. Kc2 Qg2+ 44. Qd2 Qe4+ 45. Qd3
Qc6+ 46. Kb3 a5 47. Ra8+ Qxa8 48. d8=Q a4+ 49. Ka3 1-0

[Event "?"]
[Site "?"]
[Date "????.??.??"]
[Round "?"]
[White "Packroff, H."]
[Black "Duemmke, J."]
[Result "1/2-1/2"]
[WhiteElo "2157"]
[BlackElo "2099"]
[PlyCount "21"]

1. d4 Nf6 2. Nc3 d5 3. Bg5 Nbd7 4. Qd3 c6 5. e4 dxe4 6. Nxe4 Nxe4 7. Qxe4 Qa5+
8. Bd2 Qd5 9. Qe3 Nf6 10. Nf3 Bf5 11. c4 1/2-1/2

[Event "?"]
[Site "?"]
[Date "????.??.??"]
[Round "?"]
[White "Siegmund, R."]
[Black "Dueckstein, A."]
[Result "1/2-1/2"]
[WhiteElo "2177"]
[BlackElo "2276"]
[PlyCount "48"]
[EventDate "2006.02.24"]

1. d4 d5 2. c4 Nc6 3. cxd5 Qxd5 4. e3 e5 5. Nc3 Bb4 6. Bd2 Bxc3 7. bxc3 exd4 8.
cxd4 Nf6 9. f3 Qd6 10. Bd3 O-O 11. Ne2 Be6 12. O-O a5 13. a3 a4 14. Qc1 Rfd8
15. Bb5 Bd7 16. Bxc6 Bxc6 17. Bb4 Qd7 18. Rd1 Nd5 19. Be1 Bb5 20. Nc3 Nxc3 21.
Qxc3 c6 22. Bh4 Re8 23. e4 f5 24. e5 Re6 1/2-1/2